000 00359nam a2200133Ia 4500
008 200103s9999||||xx |||||||||||||| ||und||
040 _aIMU-MPC
082 _aColumn-22
100 _aGibson, George A.
245 3 _aAn elementary treatise on the Differential CalculusqEdwards, Joseph
260 _bMacmillan, London
_c1961
300 _axxii, 527
942 _cBK
999 _c6718
_d6718